[Event "Bodsmot TR 2008"]
[Site "?"]
[Date "2008.06.15"]
[Round "1"]
[White "Kjartansson, Gudmundur"]
[Black "Johannesson, Ingvar Thor"]
[Result "1/2-1/2"]
[WhiteElo "2321"]
[BlackElo "2344"]
[PlyCount "68"]
[EventDate "2008.06.19"]
[SourceDate "2008.06.19"]

1. d4 d5 2. c4 Nc6 3. Nc3 Nf6 4. cxd5 Nxd5 5. e4 Nxc3 6. bxc3 e5 7. Nf3 exd4 8.
cxd4 Bg4 9. Bb5 Bb4+ 10. Kf1 Bxf3 11. gxf3 Bc3 12. Rb1 Qxd4 13. Be3 Qf6 14. Bc5
Rd8 15. Qa4 Bd4 16. Ba3 a6 17. Bxc6+ Qxc6 18. Qxc6+ bxc6 19. Ke2 h5 20. Rhc1
Rh6 21. Rb7 Be5 22. h3 Rg6 23. Ra7 Bf4 24. Rc2 Rg1 25. Rxa6 Rdd1 26. Bb4 c5 27.
Rxc5 Bd6 28. Rxd6 cxd6 29. Rxh5 Rb1 30. a3 Rb2+ 31. Ke3 Rb3+ 32. Ke2 Rb2+ 33.
Ke3 Rb3+ 34. Ke2 Rb2+ 1/2-1/2

[Event "Bodsmot TR 2008"]
[Site "?"]
[Date "2008.06.15"]
[Round "1"]
[White "Thorfinnsson, Bjorn"]
[Black "Nieves, Kamlakanta Ivan"]
[Result "1-0"]
[WhiteElo "2417"]
[BlackElo "2225"]
[PlyCount "51"]
[EventDate "2008.06.19"]
[SourceDate "2008.06.19"]

1. d4 f5 2. Nc3 Nf6 3. Bg5 e6 4. f3 Be7 5. Nh3 O-O 6. e4 d5 7. exf5 exf5 8. Qd2
c6 9. Be2 b5 10. O-O Nbd7 11. a4 b4 12. Nd1 Re8 13. Ndf2 Bd6 14. Bf4 Qc7 15.
Rfe1 Rb8 16. Bf1 Rxe1 17. Rxe1 Nf8 18. Be5 Ng6 19. Nd3 Bxe5 20. dxe5 Ne4 21.
Qe3 a5 22. Nhf4 Nxe5 23. Nxe5 Qxe5 24. Nd3 Qc7 25. fxe4 fxe4 26. Nc5 1-0

[Event "Bodsmot TR 2008"]
[Site "?"]
[Date "2008.06.15"]
[Round "1"]
[White "Thorsteinsson, Bjorn"]
[Black "Leosson, Torfi"]
[Result "1-0"]
[WhiteElo "2192"]
[BlackElo "2137"]
[PlyCount "59"]
[EventDate "2008.06.19"]
[SourceDate "2008.06.19"]

1. e4 d6 2. d4 Nf6 3. Nc3 g6 4. Be3 c6 5. Qd2 b5 6. Bd3 a6 7. h3 Bg7 8. Nf3 O-O
9. Bh6 Nbd7 10. e5 Ne8 11. h4 dxe5 12. h5 exd4 13. Bxg7 Nxg7 14. hxg6 dxc3 15.
Qh6 Nf6 16. gxf7+ Rxf7 17. O-O-O cxb2+ 18. Kb1 Qa5 19. Bxh7+ Kf8 20. Ng5 b4 21.
Bg6 e6 22. Bxf7 Nd5 23. Rxd5 Qxd5 24. Qh8+ Ke7 25. Qxg7 Kd6 26. Bh5 Kc5 27. Rd1
Qf5 28. Qd4+ Kb5 29. Be2+ Ka5 30. Ne4 1-0

[Event "Bodsmot TR 2008"]
[Site "?"]
[Date "2008.06.15"]
[Round "1"]
[White "Glud, Jakob Vang"]
[Black "Omarsson, Dadi"]
[Result "1-0"]
[WhiteElo "2456"]
[BlackElo "2027"]
[PlyCount "47"]
[EventDate "2008.06.19"]
[SourceDate "2008.06.19"]

1. d4 Nf6 2. Nf3 g6 3. c4 Bg7 4. Nc3 O-O 5. g3 c6 6. Bg2 d5 7. cxd5 cxd5 8. O-O
Ne4 9. Bf4 Nxc3 10. bxc3 Nc6 11. Qd2 Re8 12. Bh6 Bh8 13. Rab1 Na5 14. Ng5 Bf5
15. Rb5 e6 16. Qf4 f6 17. e4 dxe4 18. Nxe4 e5 19. Qh4 exd4 20. cxd4 b6 21. Rd5
Bd7 22. Rc1 Qe7 23. Nd6 Red8 24. Re5 1-0

[Event "Bodsmot TR 2008"]
[Site "?"]
[Date "2008.06.15"]
[Round "1"]
[White "Lund, Espen"]
[Black "Bekker-Jensen, Simon"]
[Result "1/2-1/2"]
[WhiteElo "2420"]
[BlackElo "2392"]
[PlyCount "27"]
[EventDate "2008.06.19"]
[SourceDate "2008.06.19"]

1. d4 Nf6 2. c4 e6 3. Nf3 b6 4. Nc3 Bb7 5. a3 d5 6. Bg5 Be7 7. e3 Nbd7 8. cxd5
exd5 9. Rc1 O-O 10. Bd3 c5 11. O-O Re8 12. Qe2 Ne4 13. Bxe7 Qxe7 14. Ba6
1/2-1/2

[Event "Bodsmot TR 2008"]
[Site "?"]
[Date "2008.06.16"]
[Round "2"]
[White "Johannesson, Ingvar Thor"]
[Black "Lund, Espen"]
[Result "1-0"]
[WhiteElo "2344"]
[BlackElo "2421"]
[PlyCount "113"]
[EventDate "2008.06.19"]
[SourceDate "2008.06.20"]

1. Nf3 d6 2. c4 e5 3. g3 f5 4. Bg2 Nf6 5. Nc3 Be7 6. O-O O-O 7. d3 Qe8 8. Bg5
Nbd7 9. Rb1 h6 10. Bxf6 Nxf6 11. Nd5 Bd8 12. Nxf6+ Rxf6 13. Nd2 c6 14. b4 Be6
15. b5 Bb6 16. Qa4 Rc8 17. bxc6 bxc6 18. Nb3 f4 19. c5 dxc5 20. Nd2 Bd5 21. Nc4
Rb8 22. Rb2 Qh5 23. Qc2 Rff8 24. a4 Bc7 25. Rfb1 Rxb2 26. Rxb2 Bxg2 27. Kxg2
f3+ 28. exf3 Qxf3+ 29. Kg1 h5 30. Ne3 Kh8 31. Qc4 e4 32. Qxe4 Qxe4 33. dxe4 Be5
34. Rc2 Bd4 35. Nf5 Re8 36. Nd6 Re6 37. Nf7+ Kg8 38. Ng5 Re8 39. Kg2 Bf6 40.
Rxc5 Bxg5 41. Rxg5 Rxe4 42. Ra5 h4 43. Rxa7 hxg3 44. hxg3 c5 45. a5 c4 46. Rc7
Kh7 47. Rc5 Rd4 48. a6 Rd6 49. Ra5 c3 50. a7 c2 51. a8=Q c1=Q 52. Qe4+ Kg8 53.
Ra8+ Kf7 54. Qe8+ Kf6 55. Qf8+ Ke6 56. Re8+ Kd5 57. Qf5+ 1-0

[Event "Bodsmot TR 2008"]
[Site "?"]
[Date "2008.06.16"]
[Round "2"]
[White "Bekker-Jensen, Simon"]
[Black "Thorsteinsson, Bjorn"]
[Result "1-0"]
[WhiteElo "2392"]
[BlackElo "2192"]
[PlyCount "103"]
[EventDate "2008.06.19"]
[SourceDate "2008.06.20"]

1. d4 Nf6 2. c4 e6 3. Nc3 Bb4 4. e3 c5 5. Nge2 O-O 6. a3 Bxc3+ 7. Nxc3 d6 8.
Be2 Nc6 9. O-O e5 10. d5 Ne7 11. e4 Ng6 12. g3 Bh3 13. Re1 Nd7 14. Bg4 Bxg4 15.
Qxg4 Nf6 16. Qh3 a6 17. f4 exf4 18. gxf4 Re8 19. a4 Qd7 20. Qg2 Qg4 21. Bd2
Rad8 22. Re2 Re7 23. Qxg4 Nxg4 24. h3 Nf6 25. Rae1 Nd7 26. Kf2 f6 27. a5 Rb8
28. Kf3 Kf7 29. Na4 Rbe8 30. Nc3 Ngf8 31. Nd1 Rb8 32. Nf2 b5 33. axb6 Rxb6 34.
Bc3 Rb3 35. Nd3 Ng6 36. Kg4 Rb8 37. h4 h5+ 38. Kxh5 Rh8+ 39. Kg4 Rxh4+ 40. Kg3
Rh8 41. Ra1 Nb8 42. b4 cxb4 43. Bxb4 Rd8 44. Rb1 Rb7 45. Reb2 Rc8 46. Bxd6 Rxb2
47. Rxb2 Rxc4 48. Nc5 Rc3+ 49. Kg4 f5+ 50. Kxf5 Nh4+ 51. Kg4 Nf3 52. f5 1-0

[Event "Bodsmot TR 2008"]
[Site "?"]
[Date "2008.06.16"]
[Round "2"]
[White "Thorfinnsson, Bjorn"]
[Black "Glud, Jakob Vang"]
[Result "1/2-1/2"]
[WhiteElo "2417"]
[BlackElo "2456"]
[PlyCount "70"]
[EventDate "2008.06.19"]
[SourceDate "2008.06.20"]

1. d4 d5 2. c4 c6 3. Nf3 Nf6 4. Nc3 a6 5. c5 Bf5 6. h3 Nbd7 7. Bf4 e6 8. e3 Be7
9. Bd3 O-O 10. O-O Re8 11. b4 Qc8 12. a4 Bxd3 13. Qxd3 a5 14. b5 Bxc5 15. dxc5
e5 16. Bg3 e4 17. Qd4 exf3 18. gxf3 Nf8 19. Kh2 Ne6 20. Qh4 Nxc5 21. Rg1 Qf5
22. Bd6 Ne6 23. e4 Qxf3 24. Ra3 Kh8 25. e5 Ng8 26. Nd1 Qf4+ 27. Qxf4 Nxf4 28.
Rf3 Ne2 29. Re1 Nd4 30. Rf4 c5 31. Ne3 f6 32. Nxd5 g5 33. Rxd4 cxd4 34. Nc7 Kg7
35. Nxa8 Rxa8 1/2-1/2

[Event "Bodsmot TR 2008"]
[Site "?"]
[Date "2008.06.16"]
[Round "2"]
[White "Omarsson, Dadi"]
[Black "Kjartansson, Gudmundur"]
[Result "0-1"]
[WhiteElo "2027"]
[BlackElo "2321"]
[PlyCount "48"]
[EventDate "2008.06.19"]
[SourceDate "2008.06.20"]

1. e4 e5 2. Nf3 Nc6 3. Bb5 a6 4. Ba4 Nf6 5. O-O Be7 6. Re1 b5 7. Bb3 d6 8. c3
O-O 9. h3 Nb8 10. d4 Nbd7 11. Nbd2 Bb7 12. Bc2 c5 13. Nf1 Re8 14. Ng3 cxd4 15.
cxd4 exd4 16. Nxd4 d5 17. e5 Bb4 18. Bd2 Bxd2 19. Qxd2 Nxe5 20. b3 Qb6 21. Re2
g6 22. Rae1 Ned7 23. Ndf5 gxf5 24. Nxf5 Kh8 0-1

[Event "Bodsmot TR 2008"]
[Site "?"]
[Date "2008.06.16"]
[Round "2"]
[White "Nieves, Kamlakanta Ivan"]
[Black "Leosson, Torfi "]
[Result "1/2-1/2"]
[WhiteElo "2225"]
[BlackElo "2137"]
[PlyCount "41"]
[EventDate "2008.06.19"]
[SourceDate "2008.06.20"]

1. Nf3 d5 2. c4 dxc4 3. Qa4+ Nc6 4. Ne5 Bd7 5. Nxd7 Qxd7 6. Qxc4 Nf6 7. Nc3
O-O-O 8. e3 Ne5 9. Qb5 Nd3+ 10. Bxd3 Qxd3 11. Qxd3 Rxd3 12. Ke2 Rd7 13. d4 e6
14. Bd2 c5 15. dxc5 Bxc5 16. Rac1 Kb8 17. h3 Rhd8 18. Rhd1 Bb4 19. a3 Ba5 20.
b4 Bc7 21. Be1 1/2-1/2

[Event "Bodsmot TR 2008"]
[Site "?"]
[Date "2008.06.17"]
[Round "3"]
[White "Leosson, Torfi"]
[Black "Bekker-Jensen, Simon"]
[Result "0-1"]
[WhiteElo "2137"]
[BlackElo "2392"]
[PlyCount "116"]
[EventDate "2008.06.19"]
[SourceDate "2008.06.21"]

1. g3 g6 2. Bg2 Bg7 3. Nf3 Nf6 4. d3 O-O 5. c4 d6 6. Nc3 e5 7. Bg5 h6 8. Bd2
Nc6 9. O-O Be6 10. b4 Qd7 11. b5 Nd8 12. Re1 Bh3 13. Bh1 Ng4 14. a4 f5 15. a5
Rb8 16. b6 axb6 17. axb6 c6 18. Ra5 Ne6 19. Qc2 Rbe8 20. Rea1 Nd4 21. Qd1 e4
22. Ne1 e3 23. fxe3 Nxe3 24. Bxe3 Rxe3 25. Ra8 Rfe8 26. Rxe8+ Qxe8 27. Ra2 Ne6
28. Nb5 cxb5 29. Bxb7 Bd4 30. Kh1 Bxb6 31. Nc2 Re5 32. d4 Re4 33. c5 Bc7 34.
cxd6 Bxd6 35. Bxe4 fxe4 36. d5 Nc5 37. Nd4 b4 38. Qa1 Qe5 39. Ra8+ Kf7 40. Qa7+
Nd7 41. Ne6 Bxe6 42. dxe6+ Qxe6 43. Rd8 Ke7 44. Rh8 Qf7 45. Kg2 Bc5 46. Qa8
Qf2+ 47. Kh3 Qf1+ 48. Kh4 g5+ 49. Kh5 Qh3+ 50. Kg6 Qe6+ 51. Kh7 Nf6+ 52. Kxh6
Ng8+ 53. Kh5 Qh3+ 54. Kg6 Qxh8 55. Qb7+ Kd6 56. Qb8+ Kd5 57. Qb7+ Kd4 58. Qd7+
Kc3 0-1

[Event "Bodsmot TR 2008"]
[Site "?"]
[Date "2008.06.17"]
[Round "3"]
[White "Thorsteinsson, Bjorn"]
[Black "Johannesson, Ingvar Thor"]
[Result "1/2-1/2"]
[WhiteElo "2192"]
[BlackElo "2344"]
[PlyCount "42"]
[EventDate "2008.06.19"]
[SourceDate "2008.06.21"]

1. e4 g6 2. d4 Bg7 3. Nc3 d6 4. Be3 a6 5. Qd2 Nd7 6. Nf3 h6 7. h3 e6 8. Be2 Ne7
9. g4 b6 10. O-O-O Bb7 11. Ne1 b5 12. f3 d5 13. Nd3 Rb8 14. Kb1 Nb6 15. b3 a5
16. Nc5 b4 17. N3a4 Bc6 18. Nb2 Nd7 19. Nba4 Nb6 20. Nb2 Nd7 21. Nba4 Nb6
1/2-1/2

[Event "Bodsmot TR 2008"]
[Site "?"]
[Date "2008.06.17"]
[Round "3"]
[White "Lund, Espen"]
[Black "Omarsson, Dadi"]
[Result "1-0"]
[WhiteElo "2420"]
[BlackElo "2027"]
[PlyCount "43"]
[EventDate "2008.06.19"]
[SourceDate "2008.06.21"]

1. d4 Nf6 2. c4 g6 3. Nc3 Bg7 4. e4 d6 5. Be2 O-O 6. Bg5 Na6 7. Qc2 c5 8. d5 e6
9. Rd1 Nc7 10. f4 h6 11. Bh4 g5 12. fxg5 Nh7 13. Bg3 e5 14. gxh6 Bxh6 15. Nf3
Be3 16. Rd3 Bd4 17. Bh4 Qe8 18. Nxd4 cxd4 19. Bh5 dxc3 20. O-O Qd7 21. Rg3+ Kh8
22. Bf6+ 1-0

[Event "Bodsmot TR 2008"]
[Site "?"]
[Date "2008.06.17"]
[Round "3"]
[White "Kjartansson, Gudmundur"]
[Black "Thorfinnsson, Bjorn"]
[Result "1/2-1/2"]
[WhiteElo "2321"]
[BlackElo "2417"]
[PlyCount "42"]
[EventDate "2008.06.19"]
[SourceDate "2008.06.21"]

1. d4 d5 2. c4 dxc4 3. e4 Nc6 4. Nf3 Bg4 5. d5 Ne5 6. Bf4 Ng6 7. Be3 Nf6 8. Nc3
e5 9. Bxc4 Bd6 10. Bb5+ Bd7 11. Qb3 O-O 12. Bxd7 Qxd7 13. O-O h6 14. Qxb7 Rab8
15. Qa6 Rxb2 16. Rab1 Rfb8 17. Qd3 a5 18. Rxb2 Rxb2 19. Rb1 Rxb1+ 20. Qxb1 Bb4
21. Ne2 c6 1/2-1/2

[Event "Bodsmot TR 2008"]
[Site "?"]
[Date "2008.06.17"]
[Round "3"]
[White "Glud, Jakob Vang"]
[Black "Nieves, Kamlakanta Ivan"]
[Result "1-0"]
[WhiteElo "2456"]
[BlackElo "2225"]
[PlyCount "33"]
[EventDate "2008.06.19"]
[SourceDate "2008.06.21"]

1. c4 e5 2. g3 Nf6 3. Bg2 d6 4. Nc3 g6 5. e4 Bg7 6. Nge2 O-O 7. O-O Be6 8. d3
Qd7 9. f4 Bh3 10. f5 Bxg2 11. Kxg2 c6 12. h3 d5 13. cxd5 cxd5 14. Bg5 d4 15.
Bxf6 Bxf6 16. Nd5 Qd8 17. fxg6 1-0

[Event "Bodsmot TR 2008"]
[Site "?"]
[Date "2008.06.17"]
[Round "4"]
[White "Omarsson, Dadi"]
[Black "Thorsteinsson, Bjorn"]
[Result "1-0"]
[WhiteElo "2027"]
[BlackElo "2192"]
[PlyCount "105"]
[EventDate "2008.06.19"]
[SourceDate "2008.06.21"]

1. e4 e5 2. Nf3 Nc6 3. Bb5 a6 4. Ba4 Nf6 5. O-O Be7 6. Re1 b5 7. Bb3 O-O 8. c3
d6 9. h3 Na5 10. Bc2 c5 11. d4 Qc7 12. Nbd2 cxd4 13. cxd4 Nc6 14. Nb3 Bd7 15.
Be3 Nb4 16. Bb1 Rac8 17. Re2 exd4 18. Nbxd4 d5 19. e5 Ne4 20. Bf4 Qb7 21. a3
Nc6 22. Bxe4 dxe4 23. Rxe4 Rfd8 24. Qe2 Nxd4 25. Nxd4 Rc4 26. Re1 Qd5 27. e6
fxe6 28. Nxe6 Rxe4 29. Qxe4 Qxe4 30. Rxe4 Bxe6 31. Rxe6 Bf6 32. Rxa6 Bxb2 33.
Rb6 Bxa3 34. Rxb5 Rd7 35. g3 Be7 36. h4 Bf6 37. Kg2 Kf7 38. Kf3 h6 39. h5 Re7
40. Kg4 Re2 41. f3 Re7 42. Kf5 Rd7 43. g4 Ra7 44. Bb8 Ra6 45. f4 Be7 46. Be5
g6+ 47. hxg6+ Rxg6 48. Rb7 Rc6 49. g5 hxg5 50. fxg5 Ra6 51. Bf6 Ra5+ 52. Kg4
Ra4+ 53. Kh5 1-0

[Event "Bodsmot TR 2008"]
[Site "?"]
[Date "2008.06.17"]
[Round "4"]
[White "Thorfinnsson, Bjorn"]
[Black "Lund, Espen"]
[Result "0-1"]
[WhiteElo "2417"]
[BlackElo "2420"]
[PlyCount "128"]
[EventDate "2008.06.19"]
[SourceDate "2008.06.21"]

1. d4 e6 2. c4 f5 3. g3 Nf6 4. Bg2 c6 5. Nf3 d5 6. O-O Bd6 7. b3 Qe7 8. Bb2 O-O
9. Qc1 b5 10. Ne5 bxc4 11. bxc4 Ba6 12. Ba3 Nfd7 13. Qe3 Bxa3 14. Nxa3 Nxe5 15.
dxe5 Nd7 16. Rfc1 Nb6 17. cxd5 cxd5 18. Rc6 Rac8 19. Rd6 Rfd8 20. Rxd8+ Qxd8
21. Nb1 d4 22. Qa3 Bxe2 23. Nd2 Qc7 24. Nb3 d3 25. f4 Qd7 26. Qb4 Rc4 27. Qd6
Kf7 28. Qxd7+ Nxd7 29. Kf2 g5 30. Ke3 gxf4+ 31. gxf4 Nb6 32. Nd2 Rc2 33. a4
Nd5+ 34. Bxd5 exd5 35. Nb3 Rc4 36. Rc1 Re4+ 37. Kd2 Rxf4 38. Rc7+ Ke6 39. Rxh7
Rb4 40. Nc5+ Kxe5 41. Rb7 Rc4 42. Nxd3+ Bxd3 43. Kxd3 Rxa4 44. h4 Rxh4 45. Rxa7
Rh3+ 46. Ke2 Ke4 47. Re7+ Kf4 48. Rd7 Re3+ 49. Kf2 Re5 50. Rd8 Ke4 51. Ke2 f4
52. Rf8 d4 53. Rd8 f3+ 54. Kf2 Rf5 55. Rd7 Kd3 56. Rb7 Kc2 57. Rc7+ Kd2 58. Rc4
d3 59. Rc8 Kd1 60. Rc3 d2 61. Rc8 Re5 62. Rc7 Re2+ 63. Kf1 Re3 64. Kf2 Ra3 0-1

[Event "Bodsmot TR 2008"]
[Site "?"]
[Date "2008.06.17"]
[Round "4"]
[White "Nieves, Kamlakanta Ivan"]
[Black "Bekker-Jensen, Simon"]
[Result "0-1"]
[WhiteElo "2225"]
[BlackElo "2392"]
[PlyCount "78"]
[EventDate "2008.06.19"]
[SourceDate "2008.06.21"]

1. Nf3 Nf6 2. g3 g6 3. Bg2 Bg7 4. O-O O-O 5. d3 d6 6. e4 c5 7. Nc3 Nc6 8. h3 h6
9. Be3 e5 10. Qd2 Kh7 11. Kh2 Be6 12. Ne1 Ng8 13. f4 exf4 14. gxf4 f5 15. a3
Nge7 16. Rb1 Rc8 17. Nd5 fxe4 18. dxe4 Bxd5 19. exd5 Nd4 20. Bxd4 Bxd4 21. c3
Bg7 22. Be4 Nf5 23. Ng2 Qf6 24. Rbe1 Rce8 25. Bc2 h5 26. Rxe8 Rxe8 27. Re1 Rxe1
28. Qxe1 Ne7 29. Be4 Bh6 30. Qg3 Qf7 31. Qf3 Nf5 32. Qf2 Qf6 33. Bf3 Kg7 34.
Be4 Kf7 35. Kg1 Ne7 36. Qf3 b5 37. Qf1 b4 38. axb4 cxb4 39. cxb4 Qd4+ 0-1

[Event "Bodsmot TR 2008"]
[Site "?"]
[Date "2008.06.17"]
[Round "4"]
[White "Glud, Jakob Vang"]
[Black "Kjartansson, Gudmundur"]
[Result "1-0"]
[WhiteElo "2456"]
[BlackElo "2321"]
[PlyCount "87"]
[EventDate "2008.06.19"]
[SourceDate "2008.06.22"]

1. c4 e5 2. g3 Nf6 3. Bg2 d5 4. cxd5 Nxd5 5. Nf3 Nc6 6. O-O Nb6 7. d3 Be7 8.
Nbd2 O-O 9. a3 a5 10. b3 Be6 11. Bb2 f6 12. Qc2 Qd7 13. e3 Bd5 14. Rfd1 Rfd8
15. d4 exd4 16. Bxd4 Nxd4 17. Nxd4 Bxg2 18. Kxg2 Bf8 19. a4 Qf7 20. Nc4 Bb4 21.
Nxb6 cxb6 22. Nb5 Rac8 23. Rxd8+ Rxd8 24. Rd1 Rxd1 25. Qxd1 h6 26. Qd8+ Kh7 27.
Qd3+ Kh8 28. h4 Bc5 29. Qc4 Qd7 30. Nc3 Qc6+ 31. Nd5 f5 32. h5 f4 33. exf4 Qe8
34. g4 Qe1 35. Qc2 Qe6 36. Qd1 Qe4+ 37. Qf3 Qd4 38. f5 Qd2 39. Nf4 Bd4 40. Ne6
Bf6 41. Qxb7 Qd6 42. Qc8+ Kh7 43. Nf8+ Kg8 44. Qe6+ 1-0

[Event "Bodsmot TR 2008"]
[Site "?"]
[Date "2008.06.17"]
[Round "4"]
[White "Johannesson, Ingvar Thor"]
[Black "Leosson, Torfi"]
[Result "1-0"]
[WhiteElo "2344"]
[BlackElo "2137"]
[PlyCount "77"]
[EventDate "2008.06.19"]
[SourceDate "2008.06.22"]

1. e4 d5 2. exd5 Qxd5 3. Nc3 Qd6 4. d4 Nf6 5. Nf3 a6 6. h3 b5 7. g3 Bb7 8. Bg2
e6 9. O-O Nbd7 10. Bf4 Qb6 11. a4 Bd6 12. Be3 c5 13. axb5 axb5 14. Rxa8+ Bxa8
15. dxc5 Bxc5 16. Bxc5 Nxc5 17. Qd4 b4 18. Na2 b3 19. cxb3 O-O 20. b4 Ncd7 21.
Qxb6 Nxb6 22. Rc1 Rb8 23. Ne5 Bxg2 24. Kxg2 Ne8 25. Nc3 f6 26. Nc6 Rb7 27. Rd1
Nc4 28. Rd8 Kf8 29. Na5 Rxb4 30. Rd4 Ned6 31. Nxc4 Nxc4 32. b3 Ne3+ 33. fxe3
Rxb3 34. Rc4 Kf7 35. Kf3 h5 36. Rc7+ Kg6 37. Ne4 Rb1 38. Nd6 Rb8 39. Re7 1-0

[Event "Bodsmot TR 2008"]
[Site "?"]
[Date "2008.06.18"]
[Round "5"]
[White "Lund, Espen"]
[Black "Glud, Jakob Vang"]
[Result "1-0"]
[WhiteElo "2420"]
[BlackElo "2456"]
[PlyCount "127"]
[EventDate "2008.06.19"]
[SourceDate "2008.06.22"]

1. d4 d5 2. c4 c6 3. Nf3 Nf6 4. e3 a6 5. Bd3 Bg4 6. Nbd2 e6 7. b3 Nbd7 8. Qc2
Be7 9. Bb2 Bh5 10. O-O Bg6 11. Bxg6 hxg6 12. Rad1 O-O 13. e4 dxe4 14. Nxe4 Qa5
15. Nxf6+ Bxf6 16. c5 Qc7 17. Rfe1 Qf4 18. Ne5 Rad8 19. Re4 Qh6 20. Nc4 Be7 21.
Bc1 Qh5 22. Rd3 Qd5 23. Rd2 Qf5 24. Ne3 Qh5 25. Nc4 Bg5 26. f4 Be7 27. Rde2 Nf6
28. Re5 Qh4 29. g3 Qh3 30. Rd2 Ng4 31. Ree2 Rd5 32. Nb6 Rf5 33. Qe4 Rxc5 34.
Ba3 Re5 35. fxe5 Bxa3 36. Nc4 Bb4 37. Rd1 Rd8 38. a3 Be7 39. b4 c5 40. Nd6 Bxd6
41. exd6 Rxd6 42. bxc5 Rd5 43. Rb1 Nf6 44. Qh4 Qf5 45. Rxb7 Rd8 46. Qf4 Qd3 47.
Qe3 Qd1+ 48. Re1 Qa4 49. Rxf7 Ng4 50. Qxe6 Qxd4+ 51. Kg2 Kh7 52. Rf4 Qb2+ 53.
Re2 Rd2 54. Rfe4 Nf6 55. Rxd2 Qxd2+ 56. Re2 Qg5 57. c6 Nh5 58. Qe5 Qc1 59. c7
Qc6+ 60. Kg1 Nf6 61. h3 Nh5 62. Kh2 Qc1 63. Qd6 Qc3 64. Rg2 1-0

[Event "Bodsmot TR 2008"]
[Site "?"]
[Date "2008.06.18"]
[Round "5"]
[White "Leosson, Torfi"]
[Black "Omarsson, Dadi"]
[Result "1/2-1/2"]
[WhiteElo "2137"]
[BlackElo "2027"]
[PlyCount "120"]
[EventDate "2008.06.19"]
[SourceDate "2008.06.22"]

1. e4 e5 2. Nf3 Nc6 3. d4 exd4 4. Bc4 Nf6 5. e5 Ne4 6. O-O d5 7. Bb5 Bg4 8.
Qxd4 Bc5 9. Bxc6+ bxc6 10. Qa4 Qd7 11. Nbd2 Nxd2 12. Nxd2 O-O 13. Nb3 Bb6 14.
c4 dxc4 15. Qxc4 Rae8 16. Bf4 Be6 17. Qc3 Bd5 18. Bg3 f6 19. Rae1 fxe5 20. Rxe5
Rxe5 21. Qxe5 Re8 22. Qc3 Qe7 23. Nd2 Qf7 24. b3 Re2 25. a4 a5 26. Qd3 Qe6 27.
Nc4 Re1 28. h3 Rxf1+ 29. Kxf1 h6 30. f3 Qf6 31. Bf2 Qa1+ 32. Be1 Qc1 33. Qc3
Qf4 34. Nxa5 Qh2 35. Nc4 Qh1+ 36. Ke2 Qxg2+ 37. Kd1 Qxh3 38. Ne5 Qe6 39. Kc2
Ba5 40. Qxa5 Qxe5 41. Qc3 Qf5+ 42. Kb2 Bxf3 43. Bg3 Bd5 44. Bxc7 g5 45. Qe5
Qxe5+ 46. Bxe5 Kf7 47. Kc3 Ke6 48. Bd4 h5 49. b4 h4 50. Bf2 Ke5 51. a5 Ke4 52.
a6 c5 53. Bxc5 g4 54. b5 g3 55. Bd6 Kf3 56. b6 h3 57. Bxg3 Kxg3 58. b7 Bxb7 59.
axb7 h2 60. b8=Q+ Kg2 1/2-1/2

[Event "Bodsmot TR 2008"]
[Site "?"]
[Date "2008.06.18"]
[Round "5"]
[White "Thorsteinsson, Bjorn"]
[Black "Thorfinnsson, Bjorn"]
[Result "0-1"]
[WhiteElo "2192"]
[BlackElo "2417"]
[PlyCount "122"]
[EventDate "2008.06.19"]
[SourceDate "2008.06.22"]

1. e4 e5 2. Nf3 Nc6 3. Bb5 Nge7 4. O-O d6 5. d4 Bd7 6. Nc3 Ng6 7. Be3 Be7 8.
Qd2 O-O 9. dxe5 Ncxe5 10. Nxe5 Nxe5 11. Be2 Be6 12. Nd5 c6 13. Nxe7+ Qxe7 14.
b3 f5 15. exf5 Bxf5 16. c4 a6 17. Rad1 Nf7 18. Rfe1 Qf6 19. Qd4 Qg6 20. Qh4 Be4
21. Qg4 Rfe8 22. Qxg6 Bxg6 23. Bf3 Be4 24. Bh5 g6 25. Bg4 h5 26. Be2 Re6 27.
Bd3 Bxd3 28. Rxd3 Ne5 29. Bd2 Rae8 30. Rde3 Kf7 31. h3 Nd7 32. Kf1 b5 33. Rf3+
Kg8 34. Rxe6 Rxe6 35. Rc3 bxc4 36. Rxc4 d5 37. Rd4 Nf6 38. b4 Ne4 39. Be3 Nd6
40. Rd1 Kf7 41. Rd3 Nc4 42. Bc5 g5 43. g3 Kg6 44. Rd4 Re8 45. Rd3 Rb8 46. Kg2
a5 47. a3 a4 48. Bd4 Rf8 49. Bc5 Rf6 50. b5 cxb5 51. Rxd5 Rf5 52. Rxf5 Kxf5 53.
Kf3 g4+ 54. hxg4+ hxg4+ 55. Ke2 Ke4 56. Be7 Ne5 57. Bf8 Nd3 58. Be7 b4 59. axb4
a3 60. b5 a2 61. Bf6 Ne5 0-1

[Event "Bodsmot TR 2008"]
[Site "?"]
[Date "2008.06.18"]
[Round "5"]
[White "Bekker-Jensen, Simon"]
[Black "Johannesson, Ingvar Thor"]
[Result "1-0"]
[WhiteElo "2392"]
[BlackElo "2344"]
[PlyCount "63"]
[EventDate "2008.06.19"]
[SourceDate "2008.06.22"]

1. d4 Nf6 2. c4 c5 3. d5 e6 4. Nc3 exd5 5. cxd5 d6 6. e4 g6 7. f4 Bg7 8. Bb5+
Nfd7 9. Be2 Qh4+ 10. g3 Qd8 11. Nf3 O-O 12. O-O Re8 13. Nd2 Nf6 14. Kg2 Qd7 15.
f5 Qe7 16. g4 h6 17. Bd3 a6 18. a4 Nbd7 19. Nc4 Nh7 20. h4 Ne5 21. Nxe5 Bxe5
22. Qf3 c4 23. Bc2 gxf5 24. exf5 Bxc3 25. bxc3 Qxh4 26. Rh1 Qe7 27. Kf2 Ng5 28.
Bxg5 Qxg5 29. Rad1 Kg7 30. Rh5 Qd8 31. Rxh6 Qb6+ 32. Rd4 1-0

[Event "Bodsmot TR 2008"]
[Site "?"]
[Date "2008.06.18"]
[Round "5"]
[White "Kjartansson, Gudmundur"]
[Black "Nieves, Kamlakanta Ivan"]
[Result "1-0"]
[WhiteElo "2321"]
[BlackElo "2225"]
[PlyCount "59"]
[EventDate "2008.06.19"]
[SourceDate "2008.06.22"]

1. e4 c5 2. Nf3 Nc6 3. d4 cxd4 4. Nxd4 Nf6 5. Nc3 d6 6. Bg5 e6 7. Qd2 a6 8.
O-O-O Bd7 9. f3 Rc8 10. Kb1 Be7 11. Be3 Nxd4 12. Bxd4 e5 13. Be3 b5 14. Bg5 b4
15. Ne2 a5 16. Bxf6 gxf6 17. g4 h5 18. gxh5 f5 19. Bh3 Rxh5 20. Bxf5 Rxf5 21.
exf5 Bxf5 22. Rc1 Rc4 23. Rhg1 Kd7 24. f4 Qh8 25. Qd5 Rc5 26. Qxf7 Be6 27. Qg6
exf4 28. Nxf4 Bf5 29. Qg2 Qd4 30. Qb7+ 1-0

[Event "Bodsmot TR 2008"]
[Site "?"]
[Date "2008.06.19"]
[Round "6"]
[White "Thorfinnsson, Bjorn"]
[Black "Leosson, Torfi"]
[Result "1-0"]
[WhiteElo "2417"]
[BlackElo "2137"]
[PlyCount "147"]
[EventDate "2008.06.19"]
[SourceDate "2008.06.22"]

1. d4 d5 2. c4 dxc4 3. Nf3 Nf6 4. e3 Bg4 5. Bxc4 e6 6. Nc3 Nc6 7. Bb5 Bb4 8.
Qa4 Bxf3 9. gxf3 Qd6 10. a3 Bxc3+ 11. bxc3 O-O 12. e4 e5 13. Be3 Ne7 14. Qb4
Ng6 15. O-O-O Qe6 16. h4 Nh5 17. dxe5 Nxe5 18. f4 Nc6 19. Qc4 Na5 20. Qxe6 fxe6
21. Rd7 c6 22. Bf1 Nxf4 23. Rg1 g6 24. Rg4 Nh5 25. Rg5 b6 26. Bh3 Ng7 27. h5
Rf7 28. Rd1 Re8 29. hxg6 hxg6 30. Rxg6 Nc4 31. Bh6 Kh7 32. Rdg1 Ree7 33. Bxg7
Rxg7 34. Rxg7+ Rxg7 35. Rh1 Kg6 36. Bxe6 Nxa3 37. Rg1+ Kh6 38. Rh1+ Kg5 39.
Rg1+ Kh6 40. Rxg7 Kxg7 41. Kb2 Kf6 42. Bb3 Nb5 43. Kc2 Ke5 44. Kd3 Nd6 45. Ke3
Nb5 46. f4+ Kf6 47. c4 Nc7 48. e5+ Ke7 49. f5 Na6 50. Ba4 Kd7 51. f6 Nc5 52.
Bd1 Ke6 53. Bg4+ Kf7 54. Bf3 Ke6 55. Bg4+ Kf7 56. Kd4 a5 57. Bf3 a4 58. Bxc6 a3
59. Bd5+ Kf8 60. Kc3 a2 61. Kb2 Nd3+ 62. Kxa2 Nxe5 63. Kb3 Nd7 64. f7 Ke7 65.
Kb4 Kd6 66. Kb5 Kc7 67. Be6 Nf8 68. Bf5 Kb7 69. c5 bxc5 70. Kxc5 Kc7 71. Kd5
Kd8 72. Kd6 Nd7 73. Ke6 Nf8+ 74. Kf6 1-0

[Event "Bodsmot TR 2008"]
[Site "?"]
[Date "2008.06.19"]
[Round "6"]
[White "Omarsson, Dadi"]
[Black "Bekker-Jensen, Simon"]
[Result "0-1"]
[WhiteElo "2027"]
[BlackElo "2392"]
[PlyCount "120"]
[EventDate "2008.06.19"]
[SourceDate "2008.06.22"]

1. e4 c5 2. Nf3 d6 3. d4 Nf6 4. Nc3 cxd4 5. Nxd4 a6 6. Bg5 e6 7. f4 Be7 8. Qf3
Qc7 9. O-O-O Nbd7 10. Bd3 h6 11. Bh4 g5 12. fxg5 Ne5 13. Qe2 Nfg4 14. Nf3 hxg5
15. Bxg5 Bxg5+ 16. Nxg5 Qc5 17. Nh3 Bd7 18. Kb1 O-O-O 19. Rde1 Bc6 20. Nd1 Rdg8
21. Ng1 Rxh2 22. Rxh2 Nxh2 23. Nf3 Nhg4 24. a3 Kb8 25. Rf1 Rc8 26. Nc3 Be8 27.
Nxe5 Nxe5 28. Qf2 Bc6 29. Be2 Rg8 30. Bf3 b5 31. Ne2 Bb7 32. Nd4 Rc8 33. Nb3
Nc4 34. Rd1 Qb6 35. Nd2 Ne5 36. Nb3 Ka7 37. Qd2 Nc4 38. Qd3 a5 39. Nd2 Ne5 40.
Qe2 Ba6 41. Qe1 b4 42. axb4 axb4 43. Qg1 Qxg1 44. Rxg1 Kb6 45. b3 Kc5 46. Kb2
Kd4 47. Ra1 Bd3 48. Rc1 Ke3 49. Nf1+ Kf2 50. Nd2 Be2 51. Rh1 Nxf3 52. gxf3 Ke3
53. Nb1 Kxf3 54. c3 Kxe4 55. cxb4 Ke3 56. Nc3 Bf3 57. Rh7 Rc7 58. Nb5 Rd7 59.
Nxd6 Rxd6 60. Rxf7 Bd5 0-1